Teaching business English - process of approximation in the context of the European Union

Súčasná situácia výučby obchodnej angličtiny na Ekonomickej univerzite (EU) v Bratislave. Stanovenie nových priorít pre budúcnosť. Príprava novej koncepcie výučby obchodnej angličtiny, ktorá umožní študentom EU v Bratislave úspešne študovať na univerzitách v rámci Európskej únie.

Gespeichert in:
Bibliographische Detailangaben
1. Verfasser: Zsapková, Eleonóra
Weitere Verfasser: Pašková, Hana
Format: Buchkapitel
Sprache:Englisch
Schlagworte:
Tags: Tag hinzufügen
Keine Tags, Fügen Sie das erste Tag hinzu!

MARC

LEADER 00000naa$a2200000$$$4500
001 0103387
005 20240502072126.2
041 0 |a eng 
044 |a SK 
245 1 0 |a Teaching business English - process of approximation in the context of the European Union  |c Eleonóra Zsapková, Hana Pašková 
520 |a Súčasná situácia výučby obchodnej angličtiny na Ekonomickej univerzite (EU) v Bratislave. Stanovenie nových priorít pre budúcnosť. Príprava novej koncepcie výučby obchodnej angličtiny, ktorá umožní študentom EU v Bratislave úspešne študovať na univerzitách v rámci Európskej únie. 
610 2 0 |a jazyky cudzie 
610 2 0 |a angličtina 
610 2 0 |a výučba vedecká 
610 2 0 |a univerzity 
610 2 0 |a Ekonomická univerzita v Bratislave 
100 1 |a Zsapková, Eleonóra 
700 1 |a Pašková, Hana